| 000 | 00576nam a2200205 a 4500 | ||
|---|---|---|---|
| 005 | 20210219153407.0 | ||
| 008 | 991125n 000 0 u | ||
| 035 | _aUPN01000096587 | ||
| 100 | _aJAGACINSKI, Carolyn M. | ||
| 222 | _aJOURNAL OF EDUCATIONAL PSYCHOLOGY | ||
| 245 | _aReducing effort to protect perceived ability: They'd do it but wouldn't | ||
| 300 | _a15-21 | ||
| 362 | _a1990 Vol. 82, no. 1 mar. | ||
| 653 | 0 | _aHABILIDAD | |
| 653 | 0 | _aINTELIGENCIA | |
| 653 | 0 | _aMOTIVACION | |
| 700 | _aNICHOLLS, John G. | ||
| 904 |
_aAC _b034398 |
||
| 905 | _aArticulo | ||
| 999 |
_c75794 _d75794 |
||